[Event "XXVI Torneo Abierto de Collado"]
[Site "Collado Villalba"]
[Date "2010.08.27"]
[Round "8"]
[White "Alcazar Jimenez, Jesus"]
[Black "Gomez Ledo, Roberto Carlos"]
[Result "0-1"]
[WhiteElo "2287"]
[BlackElo "2445"]
[PlyCount "74"]
[EventDate "2010.08.20"]
[EventRounds "9"]
[EventCountry "ESP"]

1. Nf3 Nf6 2. g3 d6 3. Bg2 e5 4. O-O Be7 5. d4 e4 6. Ng5 d5 7. c4 c6 8. b3 O-O
9. Nc3 Bb4 10. Na4 h6 11. Nh3 Bf5 12. a3 Bd6 13. f4 b5 14. Nb2 Ng4 15. c5 Bc7
16. e3 Nd7 17. Qe1 Ndf6 18. Nd1 Qd7 19. Nhf2 h5 20. h3 Nh6 21. Kh2 a5 22. Rg1
Kh8 23. Bf1 Rg8 24. Be2 g5 25. Ra2 Rg7 26. Rg2 a4 27. b4 Rag8 28. Qg1 Rh7 29.
Qh1 Rg6 30. Kg1 Qc8 31. Kf1 Qg8 32. Qg1 Rhg7 33. g4 gxf4 34. exf4 hxg4 35. hxg4
Nfxg4 36. Nxg4 Bxg4 37. Ke1 Bxe2 0-1

[Event "XXVI Torneo Abierto de Collado"]
[Site "Collado Villalba"]
[Date "2010.08.27"]
[Round "8"]
[White "Longa Yauca, Javier"]
[Black "Valles Moreno, Ivan"]
[Result "1-0"]
[WhiteElo "2285"]
[BlackElo "2394"]
[PlyCount "83"]
[EventDate "2010.08.20"]
[EventRounds "9"]
[EventCountry "ESP"]

1. d4 f5 2. c4 Nf6 3. Nc3 d6 4. Nf3 g6 5. Qc2 Bg7 6. Bg5 O-O 7. e3 a6 8. Be2
Qe8 9. Bxf6 exf6 10. Nd5 Qd8 11. c5 Nc6 12. Bc4 Kh8 13. h4 Bh6 14. a3 a5 15.
O-O-O a4 16. Nf4 dxc5 17. d5 Ne5 18. h5 g5 19. Ne6 Qd6 20. Nxf8 Bxf8 21. h6 Bd7
22. Qc3 b5 23. Nxg5 fxg5 24. f4 Re8 25. Be2 gxf4 26. exf4 Bxh6 27. g3 Bg7 28.
fxe5 Rxe5 29. Qc2 c4 30. Rh5 Be8 31. Rh2 Bg6 32. Bh5 c3 33. Bxg6 cxb2+ 34. Kb1
Qxg6 35. Qxc7 h6 36. d6 Qg4 37. Rhd2 Qf3 38. d7 Qxa3 39. d8=Q+ Kh7 40. Qxg7+
Kxg7 41. Qc7+ Re7 42. Qxe7+ 1-0

[Event "XXVI Torneo Abierto de Collado"]
[Site "Collado Villalba"]
[Date "2010.08.27"]
[Round "8"]
[White "Sanchez Gonzalez, Sergio"]
[Black "Semprun Martinez, Fernando"]
[Result "1/2-1/2"]
[WhiteElo "2311"]
[BlackElo "2159"]
[PlyCount "63"]
[EventDate "2010.08.20"]
[EventRounds "9"]
[EventCountry "ESP"]

1. c4 c5 2. Nf3 Nc6 3. d4 cxd4 4. Nxd4 g6 5. e4 Nf6 6. Nc3 d6 7. Be2 Nxd4 8.
Qxd4 Bg7 9. Be3 O-O 10. Qd2 Qa5 11. f3 Be6 12. Nd5 Qxd2+ 13. Kxd2 Nxd5 14. cxd5
Bd7 15. Rac1 Rfc8 16. b3 Bb2 17. Rc2 Ba3 18. Bd4 Rxc2+ 19. Kxc2 Rc8+ 20. Kb1 a6
21. g4 f6 22. h4 h6 23. f4 Bc5 24. Bxc5 Rxc5 25. Rc1 Rxc1+ 26. Kxc1 g5 27. hxg5
fxg5 28. fxg5 hxg5 29. Kd2 Kf7 30. Ke3 Kf6 31. Kd4 Bc8 32. a4 1/2-1/2

[Event "XXVI Torneo Abierto de Collado"]
[Site "Collado Villalba"]
[Date "2010.08.27"]
[Round "8"]
[White "Roa Alonso, Santiago"]
[Black "Sanz Castillo, Santiago"]
[Result "1-0"]
[WhiteElo "2454"]
[BlackElo "2228"]
[PlyCount "63"]
[EventDate "2010.08.20"]
[EventRounds "9"]
[EventCountry "ESP"]

1. e4 e6 2. d4 d5 3. Nc3 Bb4 4. e5 c5 5. a3 Ba5 6. b4 cxd4 7. Nb5 Bc7 8. f4 Ne7
9. Nf3 Nf5 10. Bd3 Bd7 11. Nxc7+ Qxc7 12. Bb2 Nc6 13. Qe2 h5 14. O-O a6 15.
Rfe1 g6 16. Qd2 Qb6 17. Qf2 Rc8 18. c3 Qa7 19. cxd4 Qb6 20. Rac1 Nce7 21. Rc5
O-O 22. h3 Nh6 23. g4 hxg4 24. hxg4 Kg7 25. Qh4 Qd8 26. Kg2 Rxc5 27. dxc5 Nc6
28. g5 Ng8 29. Rh1 Re8 30. Qh8+ Kf8 31. Rh7 Ke7 32. Qf6+ 1-0

[Event "XXVI Torneo Abierto de Collado"]
[Site "Collado Villalba"]
[Date "2010.08.27"]
[Round "8"]
[White "Bolea Jover, Jose"]
[Black "Elissalt Cardenas, Hector"]
[Result "0-1"]
[WhiteElo "1909"]
[BlackElo "2357"]
[PlyCount "58"]
[EventDate "2010.08.20"]
[EventRounds "9"]
[EventCountry "ESP"]

1. e4 d6 2. d4 Nf6 3. Bd3 e5 4. c3 Nbd7 5. Nf3 Be7 6. O-O O-O 7. Bg5 h6 8. Bh4
Nh7 9. Bxe7 Qxe7 10. Nbd2 Nb6 11. h3 Ng5 12. Nxg5 hxg5 13. Re1 Be6 14. Qe2 Qf6
15. d5 Bd7 16. Nc4 Nc8 17. Ne3 Ne7 18. Ng4 Qg6 19. Rad1 a5 20. Bb5 Bc8 21. Qc4
c6 22. dxc6 bxc6 23. Bxc6 Bxg4 24. Bxa8 Bxd1 25. Bb7 Qh5 26. Qc7 Ng6 27. Qxd6
Be2 28. Ba6 Bxa6 29. Qxa6 Nf4 0-1

[Event "XXVI Torneo Abierto de Collado"]
[Site "Collado Villalba"]
[Date "2010.08.27"]
[Round "8"]
[White "Perez Gonzalez, Jose Manuel"]
[Black "Arbunic Castro, Giovanna"]
[Result "1-0"]
[WhiteElo "2324"]
[BlackElo "2081"]
[PlyCount "81"]
[EventDate "2010.08.20"]
[EventRounds "9"]
[EventCountry "ESP"]

1. e4 d5 2. exd5 Qxd5 3. Nc3 Qe5+ 4. Be2 c6 5. Nf3 Qc7 6. d4 Nf6 7. Ne5 e6 8.
f4 Bd6 9. O-O O-O 10. Bd3 a6 11. Be3 c5 12. dxc5 Bxe5 13. fxe5 Qxe5 14. Qf3
Nbd7 15. Qf4 Qxf4 16. Rxf4 Ne5 17. Be2 Bd7 18. Rd1 Bc6 19. Rfd4 Rac8 20. b4 a5
21. b5 Bd5 22. Ra4 Ned7 23. Rxa5 Nxc5 24. Bd4 Nce4 25. Nxd5 Nxd5 26. Bd3 Nc5
27. Bf1 Nd7 28. c4 N5b6 29. Ra7 Nxc4 30. Rxb7 Nc5 31. Bxc5 Rxc5 32. Rc1 Nd6 33.
Rxc5 Nxb7 34. Rc7 Nd6 35. Rd7 Nf5 36. a4 Ne3 37. a5 Nxf1 38. Kxf1 Rb8 39. b6
Kf8 40. Ke2 Ke8 41. Ra7 1-0

[Event "XXVI Torneo Abierto de Collado"]
[Site "Collado Villalba"]
[Date "2010.08.27"]
[Round "8"]
[White "Pastor Alonso De Prado, Emilio"]
[Black "Erice Alonso, Santiago"]
[Result "1-0"]
[WhiteElo "2195"]
[BlackElo "2060"]
[PlyCount "75"]
[EventDate "2010.08.20"]
[EventRounds "9"]
[EventCountry "ESP"]

1. e4 c5 2. Nf3 d6 3. c3 Nf6 4. h3 Nc6 5. Bd3 g6 6. O-O Bg7 7. Re1 O-O 8. Bf1
a6 9. d4 cxd4 10. cxd4 d5 11. e5 Ne8 12. Nc3 Nc7 13. Qb3 Rb8 14. Bd2 Bf5 15.
Rad1 Kh8 16. Bf4 b5 17. g4 Be6 18. Ng5 Qd7 19. Ne2 h6 20. Nxe6 Nxe6 21. Be3
Rfd8 22. Bg2 Rbc8 23. f4 Na5 24. Qd3 Nc4 25. Bc1 Nf8 26. b3 Nb6 27. Bd2 e6 28.
Ng3 Rc6 29. Rf1 f5 30. exf6 Bxf6 31. g5 Bg7 32. gxh6 Bxh6 33. f5 Bxd2 34. fxe6
Rxe6 35. Rxd2 Qg7 36. Rdf2 Nfd7 37. Rf7 Qh6 38. R1f4 1-0

[Event "XXVI Torneo Abierto de Collado"]
[Site "Collado Villalba"]
[Date "2010.08.27"]
[Round "8"]
[White "Cerrato Torrijos, Maria"]
[Black "Labarta Gonzalez, Ivan B"]
[Result "0-1"]
[WhiteElo "2064"]
[BlackElo "2129"]
[PlyCount "42"]
[EventDate "2010.08.20"]
[EventRounds "9"]
[EventCountry "ESP"]

1. e4 c5 2. Nc3 Nc6 3. Nf3 g6 4. d4 cxd4 5. Nxd4 Bg7 6. Be3 Nf6 7. Nxc6 bxc6 8.
e5 Nd5 9. Nxd5 cxd5 10. Qxd5 Rb8 11. O-O-O Qc7 12. f4 O-O 13. c3 d6 14. exd6
exd6 15. Qxd6 Qb7 16. Qa3 Bg4 17. Rd2 Qe4 18. Bf2 Rfd8 19. Qxa7 Bxc3 20. Rxd8+
Rxd8 21. bxc3 Bd1 0-1

[Event "XXVI Torneo Abierto de Collado"]
[Site "Collado Villalba"]
[Date "2010.08.27"]
[Round "8"]
[White "Gomez Gonzalez, Javier"]
[Black "Lopez De Turiso, Jose Angel"]
[Result "1-0"]
[WhiteElo "2016"]
[BlackElo "2101"]
[PlyCount "69"]
[EventDate "2010.08.20"]
[EventRounds "9"]
[EventCountry "ESP"]

1. e4 g6 2. d4 Bg7 3. Nf3 d6 4. Be2 Nd7 5. O-O e5 6. Nc3 Ne7 7. dxe5 Nxe5 8.
Nxe5 Bxe5 9. Bh6 Be6 10. f4 Bxc3 11. bxc3 d5 12. Qd4 Rg8 13. Rad1 c6 14. Qe5
Qb8 15. Qf6 dxe4 16. Bg5 Qc7 17. c4 h6 18. f5 Nxf5 19. Bf4 Qe7 20. Qc3 Qc5+ 21.
Kh1 Rd8 22. g4 Rxd1 23. Rxd1 Nh4 24. Qd2 Qe7 25. Bd6 Qg5 26. Bf4 Qe7 27. Qd4 f5
28. Bxh6 Nf3 29. Bxf3 exf3 30. Re1 c5 31. Qe3 Kf7 32. Bg5 Qd7 33. Qe5 f2 34.
Qf6+ Ke8 35. Rxe6+ 1-0

[Event "XXVI Torneo Abierto de Collado"]
[Site "Collado Villalba"]
[Date "2010.08.27"]
[Round "8"]
[White "Lorite Cruz, Francisco"]
[Black "Ledo Galan, Jose Emilio"]
[Result "0-1"]
[WhiteElo "2127"]
[BlackElo "1977"]
[PlyCount "74"]
[EventDate "2010.08.20"]
[EventRounds "9"]
[EventCountry "ESP"]

1. e4 c5 2. Nf3 d6 3. d4 cxd4 4. Nxd4 Nf6 5. Nc3 g6 6. Be3 Bg7 7. f3 Nc6 8. Qd2
O-O 9. Bc4 Bd7 10. O-O-O Rc8 11. Bb3 Ne5 12. Kb1 Nc4 13. Bxc4 Rxc4 14. h4 h5
15. Nde2 b5 16. Qd3 Qa5 17. Bd2 Rfc8 18. b3 Qb6 19. Rc1 a5 20. Nd1 R4c7 21. Be3
Qb7 22. Nb2 d5 23. Qd2 dxe4 24. f4 Nd5 25. Nd1 Nb4 26. Nd4 Nd3 27. Nf2 Nxc1 28.
Rxc1 b4 29. f5 a4 30. g4 axb3 31. fxg6 bxa2+ 32. Ka1 b3 33. gxf7+ Kf8 34. c3
Qd5 35. gxh5 b2+ 36. Qxb2 Bxd4 37. Bxd4 Qxd4 0-1

[Event "XXVI Torneo Abierto de Collado"]
[Site "Collado Villalba"]
[Date "2010.08.27"]
[Round "8"]
[White "Martin-Consuegra Barrilero, Jav"]
[Black "Garcia Salamero, Gabriel"]
[Result "0-1"]
[WhiteElo "1917"]
[BlackElo "2157"]
[PlyCount "78"]
[EventDate "2010.08.20"]
[EventRounds "9"]
[EventCountry "ESP"]

1. d4 Nf6 2. Bg5 Ne4 3. Bf4 g5 4. Bc1 h6 5. f3 Nf6 6. e4 c5 7. e5 Nd5 8. c4 Nf4
9. g3 Ng6 10. f4 gxf4 11. gxf4 e6 12. Nf3 cxd4 13. Qxd4 Nc6 14. Qf2 d6 15. Bd3
Nxf4 16. Bxf4 dxe5 17. Nxe5 Qa5+ 18. Qd2 Bb4 19. Nxc6 Bxd2+ 20. Bxd2 Qb6 21.
Na5 Qxb2 22. Nb3 Qe5+ 23. Kd1 Rg8 24. Bc3 Qe3 25. Kc2 Bd7 26. Re1 Qh3 27. Be5
Bc6 28. Bg3 O-O-O 29. Nc3 f5 30. Rxe6 Rxd3 31. Rxc6+ bxc6 32. Kxd3 f4 33. Ne2
Rd8+ 34. Kc3 fxg3 35. hxg3 Qg2 36. Nbc1 Qf3+ 37. Kc2 Qe4+ 38. Kb3 Kc7 39. a4
Rb8+ 0-1

[Event "XXVI Torneo Abierto de Collado"]
[Site "Collado Villalba"]
[Date "2010.08.27"]
[Round "8"]
[White "Pablos Tenrero, Raquel"]
[Black "Cardenas Serrano, Sergio"]
[Result "1-0"]
[WhiteElo "1868"]
[BlackElo "2136"]
[PlyCount "63"]
[EventDate "2010.08.20"]
[EventRounds "9"]
[EventCountry "ESP"]

1. e4 Nf6 2. e5 Nd5 3. c4 Nb6 4. d4 d6 5. exd6 exd6 6. Nc3 Be7 7. Qf3 Nc6 8.
Be3 Be6 9. d5 Ne5 10. Qg3 Bf5 11. Bxb6 axb6 12. Be2 O-O 13. Rd1 Re8 14. Kf1 Bh4
15. Qf4 Bc2 16. Ra1 Qg5 17. Qxg5 Bxg5 18. g3 Bd2 19. Nb5 Re7 20. Kg2 Bb3 21.
Nf3 Nxf3 22. axb3 Rxa1 23. Rxa1 Ne1+ 24. Kf1 g6 25. Ra7 Nc2 26. Rxb7 Bb4 27.
Rxc7 Rxc7 28. Nxc7 Bc5 29. Nb5 Nd4 30. b4 Bxb4 31. Nxd4 Bc5 32. Nc2 1-0

[Event "XXVI Torneo Abierto de Collado"]
[Site "Collado Villalba"]
[Date "2010.08.27"]
[Round "8"]
[White "Rodriguez De Robles, Ignacio"]
[Black "Pena Aumar, Nicolas"]
[Result "1-0"]
[WhiteElo "1941"]
[BlackElo "2083"]
[PlyCount "71"]
[EventDate "2010.08.20"]
[EventRounds "9"]
[EventCountry "ESP"]

1. e4 e5 2. Nf3 Nc6 3. Bb5 a6 4. Bc4 Nf6 5. O-O Be7 6. Re1 b5 7. Bb3 d6 8. c3
O-O 9. d3 Bb7 10. Nbd2 h6 11. Nf1 Re8 12. Ng3 Bf8 13. Nf5 Ne7 14. N3h4 Nxf5 15.
Nxf5 d5 16. Qf3 Kh7 17. g4 g5 18. h4 Kg6 19. Nxh6 Bc8 20. hxg5 Bxh6 21. gxf6
Bxc1 22. Raxc1 Rg8 23. Bxd5 Bxg4 24. Qg3 Kxf6 25. Qh4+ Rg5 26. Re3 Bf3+ 27. Kf1
Kg7 28. Rxf3 Rg1+ 29. Kxg1 Qxh4 30. Rg3+ Kf8 31. Bxa8 Qh6 32. Rd1 c6 33. d4 Qd6
34. d5 c5 35. Bc6 c4 36. a3 1-0

[Event "XXVI Torneo Abierto de Collado"]
[Site "Collado Villalba"]
[Date "2010.08.27"]
[Round "8"]
[White "Barahona Torrijos, Angel"]
[Black "Martin Martin, Luis Vicente"]
[Result "0-1"]
[WhiteElo "1927"]
[BlackElo "2067"]
[PlyCount "20"]
[EventDate "2010.08.20"]
[EventRounds "9"]
[EventCountry "ESP"]

1. d4 Nf6 2. Nf3 c5 3. c3 e6 4. Bg5 h6 5. Bxf6 Qxf6 6. d5 exd5 7. Qxd5 Nc6 8.
Nbd2 d6 9. O-O-O Be6 10. Ne4 Qf4+ 0-1

[Event "XXVI Torneo Abierto de Collado"]
[Site "Collado Villalba"]
[Date "2010.08.27"]
[Round "8"]
[White "***Menendez Solar, Jose Carlos"]
[Black "Rodriguez Gomez, Vicente"]
[Result "1-0"]
[WhiteElo "1865"]
[BlackElo "2026"]
[PlyCount "111"]
[EventDate "2010.08.20"]
[EventRounds "9"]
[EventCountry "ESP"]

1. d4 d5 2. c4 e6 3. Nc3 Nf6 4. cxd5 exd5 5. Bg5 Be7 6. Qc2 c6 7. e3 Nbd7 8.
Bd3 h6 9. Bh4 O-O 10. Nge2 Ne8 11. Bg3 Ndf6 12. f3 Nd6 13. e4 dxe4 14. fxe4 Ng4
15. Bf4 Bg5 16. Qd2 f5 17. e5 Bxf4 18. Nxf4 Ne4 19. Nxe4 fxe4 20. Bxe4 Bf5 21.
Bxf5 Rxf5 22. O-O-O Nxe5 23. Qe3 Nf7 24. g4 Rb5 25. Rde1 Qd6 26. Rhf1 Rd8 27.
Ne6 Re8 28. Rxf7 Rxe6 29. Rxg7+ Kxg7 30. Qxe6 Qf4+ 31. Kb1 Rd5 32. Qe7+ Qf7 33.
Qxf7+ Kxf7 34. Re4 h5 35. h3 hxg4 36. hxg4 Kf6 37. Kc2 c5 38. Kc3 b6 39. Kc4
Rd7 40. dxc5 Rd2 41. Kc3 Rg2 42. cxb6 axb6 43. a4 Rg1 44. Kb4 Rg3 45. Kc4 Rg2
46. b3 Rg3 47. b4 Ra3 48. Kb5 Ra1 49. Rc4 Kg5 50. Rc6 Kxg4 51. Kxb6 Kf5 52. Rd6
Ke5 53. Rd2 Rh1 54. a5 Rh8 55. a6 Ke6 56. a7 1-0

[Event "XXVI Torneo Abierto de Collado"]
[Site "Collado Villalba"]
[Date "2010.08.27"]
[Round "8"]
[White "Lopez Heras, Arturo"]
[Black "Alvarez Carbajales, Fermin"]
[Result "1-0"]
[WhiteElo "2024"]
[BlackElo "1915"]
[PlyCount "79"]
[EventDate "2010.08.20"]
[EventRounds "9"]
[EventCountry "ESP"]

1. c4 c6 2. d4 d5 3. Nc3 Nf6 4. Nf3 dxc4 5. e4 b5 6. Be2 b4 7. e5 Nd5 8. Nxd5
cxd5 9. Qa4+ Bd7 10. Qxb4 Qb6 11. Qc3 Bg4 12. O-O e6 13. b3 Bb4 14. Qe3 Bxf3
15. Bxf3 cxb3 16. Qxb3 Nc6 17. Be3 O-O 18. Rab1 Qa6 19. Rfc1 Rab8 20. Qd1 Ne7
21. Be2 Qa5 22. Bd3 Rfc8 23. h4 Nf5 24. Bxf5 exf5 25. Qf3 g6 26. Bg5 Rxc1+ 27.
Rxc1 Ba3 28. Rc6 Bf8 29. h5 Qe1+ 30. Kh2 Qe4 31. hxg6 hxg6 32. Qxe4 fxe4 33.
Rc7 Bb4 34. Rxa7 Bc3 35. Be3 Kg7 36. Rd7 Rb6 37. Rxd5 f6 38. a4 fxe5 39. Rxe5
Bb4 40. Rb5 1-0

[Event "XXVI Torneo Abierto de Collado"]
[Site "Collado Villalba"]
[Date "2010.08.27"]
[Round "8"]
[White "Marcos Herrero, Francisco"]
[Black "Gordillo, Manuel"]
[Result "1-0"]
[WhiteElo "1880"]
[BlackElo "1965"]
[PlyCount "63"]
[EventDate "2010.08.20"]
[EventRounds "9"]
[EventCountry "ESP"]

1. d4 e6 2. Nf3 d5 3. c4 c6 4. g3 f5 5. Bg2 Nf6 6. O-O Bd6 7. b3 Qe7 8. a4 a5
9. Ba3 Bxa3 10. Nxa3 Na6 11. Ne5 O-O 12. Nc2 Bd7 13. Qd2 b6 14. Rad1 Rfc8 15.
Kh1 Be8 16. f3 Nd7 17. Nxd7 Qxd7 18. e4 Bg6 19. exf5 Bxf5 20. Ne3 Rf8 21. Nxf5
exf5 22. Rfe1 Nb4 23. Re5 Qf7 24. Rde1 Rae8 25. cxd5 cxd5 26. f4 Rc8 27. Qd1
Rc7 28. Re6 Rfc8 29. Qe2 Rc6 30. Re7 Qf6 31. Re8+ Kf7 32. Qh5+ 1-0

[Event "XXVI Torneo Abierto de Collado"]
[Site "Collado Villalba"]
[Date "2010.08.27"]
[Round "8"]
[White "Cano Cabanillas, Javier"]
[Black "Rodriguez Del Moral, Angel"]
[Result "1-0"]
[WhiteElo "1955"]
[BlackElo "1818"]
[PlyCount "47"]
[EventDate "2010.08.20"]
[EventRounds "9"]
[EventCountry "ESP"]

1. e4 c5 2. c3 e6 3. d4 cxd4 4. cxd4 a6 5. Nc3 b5 6. Nf3 Bb7 7. a3 Be7 8. Bd3
Nf6 9. O-O d6 10. Bg5 h6 11. Bh4 Nbd7 12. Rc1 Rc8 13. Bb1 O-O 14. Qd3 e5 15.
Rfd1 g5 16. Bg3 Nh5 17. dxe5 Nc5 18. Qe2 Nxg3 19. hxg3 Qb6 20. exd6 Bxd6 21. e5
Rce8 22. Rxd6 Qxd6 23. exd6 Rxe2 24. Nxe2 1-0

[Event "XXVI Torneo Abierto de Collado"]
[Site "Collado Villalba"]
[Date "2010.08.27"]
[Round "8"]
[White "Martin Carmona, Gaston"]
[Black "Perez Pascual, Arturo"]
[Result "0-1"]
[WhiteElo "1875"]
[BlackElo "1999"]
[PlyCount "46"]
[EventDate "2010.08.20"]
[EventRounds "9"]
[EventCountry "ESP"]

1. e4 e5 2. Nf3 Nf6 3. Nxe5 d6 4. Nf3 Nxe4 5. d4 d5 6. Bd3 Bd6 7. O-O O-O 8.
Re1 Re8 9. c4 c6 10. Nbd2 Bf5 11. Qb3 b6 12. Nf1 Bg6 13. Ng3 Bc7 14. Qc2 f5 15.
b3 Nd7 16. Ba3 Ndf6 17. Rf1 Ng4 18. Ne2 Ng5 19. Ng3 Ne4 20. Ne2 Qb8 21. h3 Bh2+
22. Kh1 Nexf2+ 23. Rxf2 Nxf2# 0-1

[Event "XXVI Torneo Abierto de Collado"]
[Site "Collado Villalba"]
[Date "2010.08.27"]
[Round "8"]
[White "Velasco Garcia, Jorge Juan"]
[Black "Valenzuela Canovas, Gabriel"]
[Result "1-0"]
[WhiteElo "1910"]
[BlackElo "1830"]
[PlyCount "63"]
[EventDate "2010.08.20"]
[EventRounds "9"]
[EventCountry "ESP"]

1. d4 Nf6 2. Bg5 d5 3. Bxf6 gxf6 4. e3 Bf5 5. Ne2 Nd7 6. Ng3 Bg6 7. h4 h6 8. c4
c6 9. Nc3 e6 10. cxd5 cxd5 11. Qb3 a6 12. Qxb7 Rb8 13. Qxa6 Rxb2 14. Bb5 Bb4
15. O-O Bxc3 16. Bxd7+ Kxd7 17. Qa4+ Ke7 18. Qa3+ Qd6 19. Qxc3 Rhb8 20. Rfc1
Kf8 21. a4 Kg7 22. a5 R8b3 23. Qc7 Qb4 24. a6 Qd2 25. Nh1 Ra2 26. Rxa2 Qxa2 27.
a7 Ra3 28. Qd8 Bh5 29. Rc8 Qb1+ 30. Kh2 Qh7 31. a8=Q Rxa8 32. Rxa8 1-0

[Event "XXVI Torneo Abierto de Collado"]
[Site "Collado Villalba"]
[Date "2010.08.27"]
[Round "8"]
[White "Ojosnegros Martin, Angel"]
[Black "Pardo Robles, Jose Manuel"]
[Result "0-1"]
[WhiteElo "1408"]
[BlackElo "1874"]
[PlyCount "112"]
[EventDate "2010.08.20"]
[EventRounds "9"]
[EventCountry "ESP"]

1. d4 Nf6 2. e3 d5 3. Nf3 Bg4 4. Be2 e6 5. O-O Bd6 6. b3 Nbd7 7. Bb2 Ne4 8.
Nbd2 Ndf6 9. Nxe4 Nxe4 10. Rc1 O-O 11. c4 c6 12. cxd5 exd5 13. Qd3 Re8 14. h3
Bf5 15. Qd1 Re6 16. Ne5 Rh6 17. Bg4 Bxg4 18. Nxg4 Rg6 19. Ne5 Bxe5 20. dxe5 Qg5
21. Qg4 Qe7 22. Qf4 Ng5 23. Kh2 Ne6 24. Qf3 Re8 25. Rg1 Nf8 26. Rce1 Nd7 27. e4
dxe4 28. Rxe4 Re6 29. Qg3 Rg6 30. Rg4 Rxg4 31. Qxg4 Nxe5 32. Bxe5 Qxe5+ 33. g3
h6 34. Rd1 Qe2 35. Qxe2 Rxe2 36. Kg2 b6 37. Ra1 c5 38. Kf3 Rb2 39. Ke3 f5 40.
h4 g5 41. hxg5 hxg5 42. Kf3 Kf7 43. Ke3 Kf6 44. Kf3 g4+ 45. Ke3 Rc2 46. f3 Rc3+
47. Kf2 Rxf3+ 48. Kg2 Rd3 49. Rf1 Rd2+ 50. Rf2 Rxf2+ 51. Kxf2 Ke5 52. Ke3 b5
53. a3 a5 54. Kd3 f4 55. gxf4+ Kxf4 56. Ke2 Ke4 0-1

[Event "XXVI Torneo Abierto de Collado"]
[Site "Collado Villalba"]
[Date "2010.08.27"]
[Round "8"]
[White "De La Rosa Bretin, Adrian"]
[Black "Montoya Pecurul, Marc"]
[Result "1-0"]
[WhiteElo "1691"]
[BlackElo "1589"]
[PlyCount "81"]
[EventDate "2010.08.20"]
[EventRounds "9"]
[EventCountry "ESP"]

1. e4 e5 2. Nf3 Nc6 3. Bc4 Bc5 4. b4 Bxb4 5. c3 Ba5 6. Qb3 Qe7 7. Ba3 d6 8. d4
exd4 9. O-O Nf6 10. e5 O-O 11. exf6 Qxf6 12. Bb2 Bb6 13. cxd4 Nxd4 14. Nxd4
Bxd4 15. Bxd4 Qxd4 16. Nc3 Qh4 17. Ne2 Bd7 18. Ng3 Bc6 19. Bd5 Bxd5 20. Qxd5 c6
21. Qxd6 Rad8 22. Qc7 f5 23. Rfd1 Rde8 24. Re1 Qf6 25. Rad1 Rxe1+ 26. Rxe1 f4
27. Ne2 Re8 28. Qxb7 Kh8 29. Qd7 Qg6 30. Kf1 Qe4 31. Qd2 Qc4 32. Qxf4 Qxa2 33.
Ng3 Qa6+ 34. Ne2 h6 35. Qf7 Re5 36. Qc7 Qb5 37. Qxa7 c5 38. Qa1 Re8 39. Qb1 Qa6
40. Qc2 Qa5 41. Rc1 1-0